| 000 | 00885nam a22002657a 4500 | ||
|---|---|---|---|
| 001 | BR8206614 | ||
| 003 | BR-BrBNA | ||
| 005 | 20230928091524.0 | ||
| 007 | ta | ||
| 008 | 230509b bl.||||| |||| 00| 0 por d | ||
| 040 |
_aBR-BrBNA _bpor _cBiblioteca Nacional de Agricultura |
||
| 041 | _a(Por) | ||
| 072 |
_aK10 _b/G514 |
||
| 090 | _ K10 BR8206614 | ||
| 110 | 1 |
_aInstituto Brasileiro de Desenvolvimento Florestal, Brasilia, DF (Brasil). Depto. de Economia Florestal _95731 |
|
| 245 | 1 |
_aPrograma de monitoramento da cobertura florestal do Brasil: Projeto de reflorestamento do Estado do Espirito Santo _bRelatorio Tecnico |
|
| 260 | 3 |
_aVitoria, ES (Brasil): _c1982. |
|
| 300 | _a54 p. | ||
| 500 | _a8 ref.; 18 illus.; 7 tables | ||
| 650 | _aREFLORESTAMENTO | ||
| 650 | _aESPIRITO SANTO | ||
| 650 | _aAEROFOTOGRAMETRIA | ||
| 909 |
_a202309 _bLucia _c55 _dLucia Elande |
||
| 942 | _cBK | ||
| 999 |
_c34237 _d34237 |
||